000 00203 a2200097 4500
001 46972
100 _aWykes A
245 _aThe Restless Atom
260 _aLondon
_bHeinemann
_c
090 _c30042
_d30042
942 _aNUST-CAE
_cM
_c22273
999 _c282045
_d282045